000 00513nam a2200181Ia 4500
008 100920s9999 xx 000 0 und d
082 _b73223
_a891.463.1 थ 96
100 _aदेसाई अरूणा.
245 _aकथाई.
260 _bप्रपंच प्रकाशन, पुणे.
_c1996
300 _a100
_bसाधी
365 _b50
520 _aलघुकथा.
630 _aकथाई.
650 _aलघुकथा.
730 _aकथाई.
942 _cBOOK
999 _c714915
_d714912